| 000 | 00628nam a2200193Ia 4500 | ||
|---|---|---|---|
| 003 | GCL | ||
| 008 | 140319s9999 xx 000 0 ara d | ||
| 040 |
_aGCL / _cGCL |
||
| 082 | 0 | 4 |
_a920 _bأ هـ |
| 100 | 1 | _aمحمد عجاج الخطيب | |
| 245 | 1 | 0 |
_aابوهريرة : راوية الاسلام / _cمحمد عجاج الخطيب |
| 260 |
_a[S.N] : _bالهيئة المصرية العامة للكتاب ، _c1987 |
||
| 300 |
_a350 ص ؛ _c351 سم |
||
| 490 |
_aاعلام العرب _v0 |
||
| 650 | 0 | 4 | _aالاسلام |
| 650 | 0 | 4 | _aالتراجم |
| 650 | 0 | 4 | _aالصحابة والتابعون |
| 942 |
_2ddc _cBK |
||
| 999 |
_c28507 _d28507 |
||